Work Productivity and Employment in Chosen EU Countries

Saved in:
Bibliographic Details
Main Author: Csikósová, Adriana
Other Authors: Čulková, Katarína, Janošková, Mária, 1965-
Format: Book Chapter
Language:English
Tags: Add Tag
No Tags, Be the first to tag this record!

MARC

LEADER 00000naa$a2200000$$$4500
001 0306152
005 20250115110735.7
041 0 |a eng 
044 |a IT 
245 1 0 |a Work Productivity and Employment in Chosen EU Countries  |c Adriana Csikósová, Katarína Čulková, Mária Janošková 
100 1 |a Csikósová, Adriana 
700 1 |a Čulková, Katarína 
700 1 |a Janošková, Mária, 1965-